| 000 | 00549nam a2200205Ia 4500 | ||
|---|---|---|---|
| 003 | OSt | ||
| 005 | 20251206095146.0 | ||
| 008 | 210707s1983 xx 000 0 und d | ||
| 040 | _cAL | ||
| 041 | _aKannada | ||
| 082 | _a355.0092K JOSS | ||
| 100 |
_aJOSHI (V M) _9165889 _dಜೋಶಿ (ವಿಎಂ) |
||
| 245 |
_aSainika uvacha _bಸೈನಿಕ ಉವಾಚ |
||
| 260 |
_aBengaluru _bVishwa Kannada Sammelana., _c1983 |
||
| 300 | _a146,iv p | ||
| 365 |
_b2 _cINR |
||
| 563 | _aPB | ||
| 650 |
_aMilitary Science _9165890 |
||
| 942 |
_2ddc _cBK |
||
| 999 |
_c180211 _d180211 |
||